The impact of drought on Sub-Saharan African economies (Record no. 76416)
[ view plain ]
| 000 -LEADER | |
|---|---|
| fixed length control field | 00736nam a2200169 a 4500 |
| 008 - FIXED-LENGTH DATA ELEMENTS--GENERAL INFORMATION | |
| fixed length control field | 120416s0000 ||||||||||||||||| || u |
| 020 ## - INTERNATIONAL STANDARD BOOK NUMBER | |
| International Standard Book Number | 0821341804 |
| 050 ## - LIBRARY OF CONGRESS CALL NUMBER | |
| Classification number | IBRD(08) |
| 100 ## - MAIN ENTRY--PERSONAL NAME | |
| Personal name | Benson, Charlotte |
| 245 14 - TITLE STATEMENT | |
| Title | The impact of drought on Sub-Saharan African economies |
| 246 ## - | |
| -- | a preliminary examination |
| 260 ## - PUBLICATION, DISTRIBUTION, ETC. | |
| Place of publication, distribution, etc. | Washington, D. C. |
| Name of publisher, distributor, etc. | World Bank |
| Date of publication, distribution, etc. | 1998 |
| 300 ## - PHYSICAL DESCRIPTION | |
| Extent | ix, 80 pages : illustrations |
| 350 ## - | |
| -- | 0.00 |
| 995 ## - | |
| -- | SPECIAL COLLECTIONS |
| -- | 0.00 |
| -- | 9007978 |
| -- | CBU-MAIN LIBRARY (Kitwe) |
| -- | 1 |
| -- | 0.00 |
| -- | IBRD(08) |
| -- | AVAILABLE |
| -- | 9007978 |
| -- | International Publications |
| 995 ## - | |
| -- | SPECIAL COLLECTIONS |
| -- | 0.00 |
| -- | 021816 |
| -- | CBU-MAIN LIBRARY (Kitwe) |
| -- | 1 |
| -- | 0.00 |
| -- | IBRD(08)TP/401 |
| -- | 401 |
| -- | AVAILABLE |
| -- | Jun 14, 2010 |
| -- | 021816 |
| -- | International Publications |
| 999 ## - | |
| -- | 76416 |
| -- | 76416 |
| Withdrawn status | Lost status | Source of classification or shelving scheme | Damaged status | Not for loan | Permanent Location | Current Location | Shelving location | Date acquired | Total Checkouts | Full call number | Barcode | Date last seen | Copy number | Price effective from | Koha item type |
|---|---|---|---|---|---|---|---|---|---|---|---|---|---|---|---|
| CBU-MAIN LIBRARY, KITWE. | CBU-MAIN LIBRARY, KITWE. | 04/25/2023 | IBRD(08) | 9007978 | 04/25/2023 | 1 | 04/25/2023 | SPECIAL COLLECTION | |||||||
| CBU-MAIN LIBRARY, KITWE. | CBU-MAIN LIBRARY, KITWE. | 04/25/2023 | IBRD(08)TP/401 | 021816 | 04/25/2023 | 2 | 04/25/2023 | SPECIAL COLLECTION |